000 01306nam2a2200313 4500
001 rc\2883521
005 20110721145501.5
035 _a(NLR Aleph) 007036254
090 _a13585631
_c13585631
100 _a20110721d1932 |||y0rusy50 ca
101 0 _arus
102 _aRU
105 _aab z |||||
200 0 _aКн. 4
_fПод ред. В.Г. Хименкова
210 _d1932
215 _a119 с., 3 л. табл.
_cил., табл., карт.
300 _aРайоны: Лотошинский, Емельяновский, Тургиновский ... [и др.]
320 _aБиблиогр. в конце докладов
327 0 _aАвторы: Хименков В. Г, Хименков Ю.В., Завидонова А.Г.
461 0 _1001rc\2883518
_12000#$aГеология и полезные ископаемые районов Московской области$e[Сборник статей] ...$fПод ред. В.Г. Хименкова$vКн. 4
464 0 _1700#1$aХименков$bЮ.В.$4070
464 0 _1700#1$aХименков$bВ.Г.$4070
464 0 _1700#1$aЗавидонова$bА.Г.$4070
702 1 _aХименков
_bВ. Г.
_4340
801 0 _aRU
_bNLR
_gpsbo
801 1 _aRU
_bELAR
_2rusmarc
852 _aNLR
_j33-18/322
942 _cBOOK
980 _aNB